000 00362nam a2200157Ia 4500
005 20250425161533.0
008 250425s9999 xx 000 0 und d
041 _aeng
082 _aIBM4381
245 0 _aRADIATION AND NOISE IN QUANTUM ELECTRONICS
250 _aS.E.
260 _aS.L.
260 _aSin Pais
_bMCGH
_c1964
942 _c01
010 _a22533
999 _c211183
_d211183